Estadísticas para Dioses Olímpicos

Haz click aquí para intentar la prueba.

Estadísticas generales

  • Esta prueba ha sido intentada 12.914 veces
  • La puntuación promedio es 18 de 39

Estadísticas de respuestas

DescripciónCulturaGod% Correcto
Rey de los diosesGriegoZeus
98%
Diosa del amor y la bellezaGriegoAfrodita
86%
Rey de los maresGriegoPoseidón
86%
Diosa de la sabíduriaGriegoAtenea
78%
Dios de la guerraGriegoAres
77%
Dios del InframundoGriegoHades
77%
Rey de los diosesRomanoJúpiter
70%
Rey de los maresRomanoNeptuno
70%
Reina de los diosesGriegoHera
69%
Dios de la guerraRomanoMarte
68%
Diosa del amor y la bellezaRomanoVenus
68%
Mejor de los heroes griegosRomanoHércules
66%
Mensajero de los diosesGriegoHermes
60%
Diosa de la cazaGriegoArtemisa
59%
Dios de la luzAmbosApolo
57%
Mensajero de los diosesRomanoMercurio
57%
Dios del amorRomanoCupido
56%
Dios del vinoRomanoBaco
52%
Dios del InframundoRomanoPlutón
47%
Dios del vinoGriegoDioniso
42%
Artesano de los diosesGriegoHefesto
40%
Reina del InframundoGriegoPerséfone
38%
Dios del amorGriegoEros
37%
Mejor de los heroes griegosGriegoHeracles
36%
Diosa de la fertilidadGriegoDemeter
32%
Diosa de la cazaRomanoDiana
32%
Diosa de la sabíduriaRomanoMinerva
30%
Reina de los diosesRomanoJuno
27%
Diosa del hogarGriegoHestia
26%
Artesano de los diosesRomanoVulcano
24%
Dios de la naturalezaGriegoPan
19%
Diosa de la fertilidadRomanoCeres
18%
Dios de la medicinaGriegoAsclepio
15%
Diosa del HogarRomanoVesta
13%
Reina del InframundoRomanoProserpina
11%
Dios de la naturalezaRomanoFauno
9%
Copero de los diosesGriegoHebe
8%
Copero de los diosesRomanoJuventas
6%
Dios de la medicinaRomanoVejovis
4%

Distribución de puntuación

Porcentaje por número respondido

Porcentaje de gente con cada puntuación

Historial de tus puntuaciones

No has intentado esta prueba.